Guess the random Taylor Swift Song Lyrics 88 - Statistics

General Stats
  • This quiz has been taken 11 times
  • The average score is 153 of 269
Answer Stats
Answer % Correct
a
100%
I
100%
the
100%
The
100%
when
100%
When
100%
where
100%
Where
100%
you
100%
(You
100%
You
100%
your
100%
you're
100%
all
90%
and
90%
And
90%
can
90%
for
90%
in
90%
it
90%
No
90%
one
90%
to
90%
To
90%
was
90%
who
90%
But
80%
If
80%
if
80%
is
80%
My
80%
my
80%
not
80%
of
80%
they
80%
at
70%
did
70%
don't
70%
knew
70%
like
70%
should
70%
So
70%
so
70%
That
70%
'cause
60%
from
60%
have
60%
just
60%
there
60%
Get
50%
hand
50%
man
50%
nights
50%
someone
50%
take
50%
these
50%
These
50%
advice
40%
care
40%
cursed
40%
Dear
40%
feels
40%
free
40%
home
40%
make
40%
Never
40%
out
40%
please
40%
reader
40%
right
40%
sees
40%
talking
40%
walking
40%
who's
40%
word
40%
wouldn't
40%
aim
30%
alone
30%
already
30%
another)
30%
another
30%
answer
30%
apart
30%
asked
30%
Bend
30%
darling
30%
desert
30%
desperate
30%
drink
30%
falling
30%
find
30%
fourth
30%
hiding
30%
house
30%
lives
30%
means
30%
miss
30%
nobody's
30%
past
30%
pen
30%
pick
30%
plain
30%
prayers
30%
run
30%
sight
30%
solitaire
30%
sure
30%
through
30%
trap
30%
wander
30%
bright
20%
Burn
20%
devil
20%
files
20%
found
20%
friends
20%
lose
20%
map
20%
playing
20%
prefer
20%
secrets
20%
shine
20%
snap
20%
somewhere
20%
greatest
10%
guiding
10%
Guiding
10%
light
10%
luxuries
10%
pace
10%
recognize
10%
Spilling
10%
yourself
10%
No matching quizzes found
Score Distribution
Percent of People with Each Score
Percentile by Number Answered
Your Score History
You have not taken this quiz